00434nam a2200157Ia 45000010006000000050017000060080041000230410008000640820016000721000035000882450100001232600009002233000028002326500008002606540008002681395720260306164839.0260306t2018||||xx |||||||||||||| ||spa|| aESP a005.74bG23 aGarcía Herrero, JesúseAUT 0aCiencia de datos:btécnicas analíticas y aprendizaje estadístico en un enfoque práctico c2018 a446 páginas :c24 cm. aGEN aCCC